00000000nam 2200000zi 4500
0019.922121
003CaOODSP
00520230501143205
006m     o  d f      
007cr |n|||||||||
008230501t19991999onc     or   f|0| 0 fre d
020 |z0662641337
040 |aCaOODSP|bfre|erda|cCaOODSP
043 |an-cn---
0861 |aC2-420/1999F-PDF
24500|aRépertoire des fournisseurs canadiens de matériel ferroviaire.
264 1|aOttawa : |bIndustrie Canada = Industry Canada, |c1999.
264 4|c©1999
300 |a1 ressource en ligne (77 pages)
336 |atexte|btxt|2rdacontent/fre
337 |ainformatique|bc|2rdamedia/fre
338 |aressource en ligne|bcr|2rdacarrier/fre
500 |aPublié aussi en anglais sous le titre : Canadian railway suppliers directory.
500 |aÉdition numérisée de l'imprimé [par Innovation, Sciences et Développement économique Canada].
650 6|aMatériel de transport|xIndustrie|zCanada.
650 6|aTransports ferroviaires|xAppareils et matériel|zCanada.
7101 |aCanada. |bIndustrie Canada, |eorganisme de publication.
77508|tCanadian railway suppliers directory.|w(CaOODSP)9.922116
7760#|tRépertoire des fournisseurs canadiens de matériel ferroviaire |w(CaOODSP)9.660872
85640|qPDF|s2.13 Mo|uhttps://publications.gc.ca/collections/collection_2023/isde-ised/c2/C2-420-1999-fra.pdf